Water and waste water technology (Record no. 23742)

MARC details
000 -LEADER
fixed length control field 00314nam a2200121Ia 4500
082 ## - DEWEY DECIMAL CLASSIFICATION NUMBER
Classification number 628.19
Item number HAM
100 ## - MAIN ENTRY--AUTHOR NAME
Personal name Hammer, M J
245 #0 - TITLE STATEMENT
Title Water and waste water technology
260 ## - PUBLICATION, DISTRIBUTION, ETC. (IMPRINT)
Place of publication New York
Name of publisher John Wiley
Year of publication 1975
650 ## - SUBJECT ADDED ENTRY--TOPICAL TERM
Topical Term Waste water technology
942 ## - ADDED ENTRY ELEMENTS (KOHA)
Koha item type Books
Holdings
Withdrawn status Lost status Damaged status Not for loan Home library Current library Date acquired Cost, normal purchase price Full call number Accession Number Koha item type
        RRII Library RRII Library 16/12/2021 14.95 628.19 HAM 04437 Books